Совершенствование технологии скоростного проведения горизонтальных горно-разведочных выработок в условиях Северо-Востока: диссертация на соискание ученой степени кандидата технических наук; спец. 05.15.14.

Detalles Bibliográficos
Autor principal: Иванов Б. Н. Борис Никитович
Autor Corporativo: Томский политехнический институт
Otros Autores: Лукьянов В. Г. Виктор Григорьевич (научный руководитель)
Lenguaje:ruso
Publicado: Томск, 1987
Materias:
Formato: Libro
KOHA link:https://koha.lib.tpu.ru/cgi-bin/koha/opac-detail.pl?biblionumber=46904

MARC

LEADER 00000nbm0a2200000 4500
001 46904
005 20231101211045.0
035 |a (RuTPU)RU\TPU\book\48975 
090 |a 46904 
100 |a 20030129d1987 k y0rusy50 ca 
101 0 |a rus 
102 |a RU 
105 |a a m 001zy 
200 1 |a Совершенствование технологии скоростного проведения горизонтальных горно-разведочных выработок в условиях Северо-Востока  |e диссертация на соискание ученой степени кандидата технических наук  |e спец. 05.15.14.  |f Б. Н. Иванов  |g Томский политехнический институт ; науч. рук. В. Г. Лукьянов 
210 |a Томск  |d 1987 
215 |a 177 л.  |c ил. 
320 |a Библиогр.: с. 146-157(129 назв.). 
606 |a Рудничная геология, прикладная  |2 stltpush  |3 (RuTPU)RU\TPU\subj\25517  |9 49656 
610 1 |a технологии 
610 1 |a техника 
610 1 |a геологоразведочные работы 
610 1 |a выработки 
610 1 |a горизонтальные 
610 1 |a проходческий цикл 
610 1 |a порода 
610 1 |a экономико-математические модели 
610 1 |a диссертации 
610 1 |a труды учёных ТПУ 
675 |a 622.142(048)  |v 3 
686 |a 05.15.14.  |2 oksvnk 
700 1 |a Иванов  |b Б. Н.  |g Борис Никитович 
702 1 |a Лукьянов  |b В. Г.  |c горный инженер  |c профессор Томского политехнического университета, доктор технических наук  |f 1930-  |g Виктор Григорьевич  |2 stltpush  |3 (RuTPU)RU\TPU\pers\12910  |4 727 
712 0 2 |a Томский политехнический институт  |2 stltpush  |3 (RuTPU)RU\TPU\col\1123 
801 1 |a RU  |b 63413507  |c 20030129  |g PSBO 
801 2 |a RU  |b 63413507  |c 20180306  |g RCR 
942 |c BK